[Event "Collado Villalba 64 op 7th"]
[Site "Collado Villalba"]
[Date "2019.08.03"]
[Round "8"]
[White "Reyes Garcia, Gilberto"]
[Black "Farmer Negrini, Leo"]
[Result "0-1"]
[WhiteElo "1482"]
[BlackElo "1719"]
[PlyCount "54"]
[EventDate "2019.07.29"]
[EventType "swiss"]
[EventRounds "9"]
[EventCountry "ESP"]
[SourceTitle "CBM 195 Extra"]
[Source "ChessBase"]
[SourceDate "2020.05.31"]
[SourceVersion "1"]
[SourceVersionDate "2020.05.31"]
[SourceQuality "1"]

1. d4 Nf6 2. Bf4 d6 3. e3 Nc6 4. Nd2 e5 5. dxe5 dxe5 6. Bg5 h6 7. Bh4 g5 8. Bg3 h5 9. h3 Bb4 10. c3 Bf5 11. cxb4 0-0 12. Ndf3 Qe7 13. a3 Ne4 14. Ne2 Rad8 15. Qb3 Nxg3 16. Nxg3 Be6 17. Qc2 h4 18. Ne4 Bf5 19. Nfxg5 Qxg5 20. Nxg5 Bxc2 21. Nf3 e4 22. Nxh4 f5 23. Ng6 Rf6 24. Nf4 Rfd6 25. Bc4+ Kh7 26. g4 Rd1+ 27. Ke2 R8d2# 0-1

[Event "Palma de Mallorca op 4th"]
[Site "Palma de Mallorca"]
[Date "2009.11.23"]
[Round "4"]
[White "Do Santos Julio, Joao Manuel"]
[Black "Farmer Negrini, Leo"]
[Result "1-0"]
[WhiteElo "2043"]
[BlackElo "1795"]
[PlyCount "43"]
[EventDate "2009.11.21"]
[EventType "swiss"]
[EventRounds "9"]
[EventCountry "ESP"]
[SourceTitle "EXT 2011"]
[Source "ChessBase"]
[SourceDate "2010.11.26"]
[SourceVersion "1"]
[SourceVersionDate "2010.11.26"]
[SourceQuality "1"]

1. e4 e5 2. Nf3 Nc6 3. d4 d5 4. Nxe5 Nxe5 5. dxe5 d4 6. Bc4 Bc5 7. e6 Qh4 8. exf7+ Kf8 9. fxg8Q+ Rxg8 10. Qf3+ Ke7 11. Bxg8 Bd7 12. Qf7+ Kd6 13. 0-0 Qxe4 14. Nd2 Qf5 15. Nc4+ Kc6 16. Qxg7 Kb5 17. a4+ Ka6 18. Bxh7 Qd5 19. Bd3 b5 20. Qg6+ Bb6 21. axb5+ Kb7 22. Be4 1-0

[Event "Moratalaz op 20th"]
[Site "Madrid"]
[Date "2007.09.18"]
[Round "4"]
[White "Vega Gomez, Francisco Borja"]
[Black "Farmer Negrini, Leo"]
[Result "1-0"]
[WhiteElo "2117"]
[BlackElo "1907"]
[PlyCount "77"]
[EventDate "2007.09.15"]
[EventType "swiss"]
[EventRounds "9"]
[EventCountry "ESP"]
[SourceTitle "EXT 2008"]
[Source "ChessBase"]
[SourceDate "2007.11.25"]
[SourceVersion "1"]
[SourceVersionDate "2007.11.25"]
[SourceQuality "1"]

1. d4 Nf6 2. Nf3 d5 3. c4 e6 4. g3 c5 5. Bg2 dxc4 6. Qa4+ Bd7 7. Qxc4 b5 8. Qc2 Nc6 9. dxc5 Nb4 10. Qb3 Qa5 11. Bd2 Bxc5 12. a3 Ne4 13. 0-0 Nxd2 14. Nfxd2 Nd5 15. Ne4 Be7 16. Nec3 0-0 17. Nxd5 exd5 18. Bxd5 Rac8 19. Nc3 a6 20. Rac1 Bg5 21. e3 Bh3 22. Bg2 Bxg2 23. Kxg2 Qb6 24. Nd5 Qb7 25. Kg1 Rxc1 26. Rxc1 Rd8 27. Rd1 Re8 28. Qc2 h5 29. Qf5 f6 30. f4 Bh6 31. Nxf6+ gxf6 32. Qg6+ Kf8 33. Qxf6+ Qf7 34. Qxh6+ Kg8 35. Qg5+ Kf8 36. Rd5 Qg7 37. Rf5+ Kg8 38. Qxh5 Qd7 39. Qg6+ 1-0

[Event "Madrid op3"]
[Site "Madrid"]
[Date "2005.10.14"]
[Round "4"]
[White "Lozano Freras, Sergio"]
[Black "Farmer Negrini, Leo"]
[Result "1-0"]
[WhiteElo "1992"]
[BlackElo "2029"]
[PlyCount "125"]
[EventDate "2005.10.07"]
[EventType "swiss"]
[EventRounds "9"]
[EventCountry "ESP"]
[SourceTitle "EXT 2006"]
[Source "ChessBase"]
[SourceDate "2005.11.24"]
[SourceVersion "1"]
[SourceVersionDate "2005.11.24"]
[SourceQuality "1"]

1. e4 c5 2. Nf3 Nc6 3. d4 cxd4 4. Nxd4 Nf6 5. Nc3 e6 6. Be3 Bb4 7. Nxc6 bxc6 8. Bd3 d5 9. exd5 exd5 10. Bd4 0-0 11. 0-0 Re8 12. Qf3 Ne4 13. Bxe4 dxe4 14. Qe3 f5 15. Rad1 Qh4 16. Bxg7 c5 17. Bh6 Re6 18. Bg5 Qh5 19. Nd5 Ba6 20. Nf6+ Rxf6 21. Bxf6 Bxf1 22. Qg3+ Qg6 23. Qxg6+ hxg6 24. Kxf1 Kf7 25. Bg5 Ba5 26. Rd7+ Ke6 27. Rg7 Bb6 28. Rxg6+ Ke5 29. h4 c4 30. h5 f4 31. Ke2 Rf8 32. Be7 Rf7 33. Rg5+ Ke6 34. Bb4 f3+ 35. gxf3 Rxf3 36. Bc5 c3 37. Bxb6 axb6 38. Rb5 cxb2 39. Rxb6+ Kd5 40. Rxb2 Kc4 41. Rb3 Rf5 42. Rh3 Kd4 43. h6 Rf8 44. h7 Rh8 45. a3 Kc4 46. Ke3 Kd5 47. Rh5+ Ke6 48. Kxe4 Kf6 49. f4 Kg7 50. f5 Rd8 51. Kf4 Kh8 52. Rh3 Rd7 53. c3 Re7 54. c4 Rc7 55. Rc3 Kxh7 56. c5 Kg7 57. Ke5 Kf7 58. c6 Ke7 59. f6+ Kf7 60. Kd6 Rc8 61. c7 Ke8 62. f7+ Kxf7 63. Kd7 1-0